000 00735nam a2200241 a 4500
001 BRCA_8007
005 20190320210107.0
008 180314s1969----mx-a###f##---#000-0#spa-#
041 _aspa
044 _amx
050 4 _aNK9924
_b.M66
_c1969
245 1 0 _aMiniaturas mexicanas
_cDiseño e impresión de Antonio España.
260 _aMéxico
_bFinanciera Comermex
_c1969
300 _a1 v. (sin paginación)
_bil. a color
_c24 cm.
500 _a3135
650 1 4 _aObjetos miniatura
_vHistoria
_zMéxico
_919884
650 1 4 _aMarquetería
_zMéxico
_919885
650 1 4 _aRetratos mexicanos
_zMéxico
_919886
700 1 _aEspaña, Antonio
_eimp.
_919887
710 2 _aFinanciera Comermex
_eed.
_919837
902 _aGFM
942 _2lcc
_cB
999 _c7676
_d7676